000 00852nam a22001937a 4500
003 JO-AjAnu
005 20240909131959.0
008 240909b jo ||||| |||| 00| 0 ara d
040 _aJO-AjAnu
_bara
_cJO-AjAnu
_erda
041 _aara
_hara
050 _a.DS154.15
_bO42 2012
100 1 _aالعمري، عمر صالح
_eمؤلف
_949436
245 0 _aموقف الاردن من الحلول التي طرحت للقضية الفلسطينية 1936-1948 /
_cتأليف عمر صالح العمري
260 _aعمان:
_bدار الخليج للنشر والتوزيع،
_c2013
300 _a410 صفحة
504 _aيحتوي على قائمة مراجع، يحتوي على ملاحق
650 7 0 _aالقضية الفلسطينية-الاردن-العلاقات الدولية-السياسة الخارجية
_966198
942 _2lcc
_cBK
_n0
999 _c33680
_d33680